书目信息 |
| 题名: |
生命的舞蹈
|
|
| 作者: | 弗洛伊德 著 ;杨东雄 编译 | |
| 分册: | ||
| 出版信息: | 喀什 喀什维吾尔文出版社 2004 |
|
| 页数: | 254页 | |
| 开本: | 24cm | |
| 丛书名: | ||
| 单 册: | ||
| 中图分类: | C913.14 , B84-065 | |
| 科图分类: | ||
| 主题词: | 性学--研究 , 性学 , 心理学 | |
| 电子资源: | ||
| ISBN: | 7-5373-1309-1 | |
| 000 | 00927nam0 2200277 450 | |
| 001 | 1576093500 | |
| 005 | 20150127165355.85 | |
| 010 | @a7-5373-1309-1@dCNY27.00 | |
| 100 | @a20041124d2004 em y0chiy50 ea | |
| 101 | 1 | @achi@cger |
| 102 | @aCN@b650000 | |
| 105 | @ay z 000yy | |
| 200 | 1 | @a生命的舞蹈@9sheng ming de wu dao@f(奥)弗洛伊德著@g杨东雄译 |
| 210 | @a喀什@c喀什维吾尔文出版社@d2004 | |
| 215 | @a254页@d24cm | |
| 305 | @a据原书第5版译出 | |
| 330 | @a本书原名《性学三论》,书中在尽量避免受生物学影响的同时,以精神分析的研究为基础,探索了心理学的研究能在多大程度上丰富人类的性生活的生物学知识。 | |
| 606 | 0 | @a性学@x研究 |
| 606 | 0 | @a性学 |
| 606 | 0 | @a心理学 |
| 690 | @aC913.14@v5 | |
| 690 | @aB84-065@v4 | |
| 701 | 0 | @c(奥)@a弗洛伊德@9fu luo yi de@c(Freud, Sigmund@f1856~1939)@4著 |
| 702 | 0 | @a杨东雄@9yang dong xiong@f(1962.9~)@4编译 |
| 801 | 0 | @aCN@bTSSF@c20150127 |
| 905 | @aZUCC@dB84-065@eJY385 | |
| 生命的舞蹈/(奥)弗洛伊德著/杨东雄译.-喀什:喀什维吾尔文出版社,2004 |
| 254页;24cm |
| ISBN 7-5373-1309-1:CNY27.00 |
| 本书原名《性学三论》,书中在尽量避免受生物学影响的同时,以精神分析的研究为基础,探索了心理学的研究能在多大程度上丰富人类的性生活的生物学知识。 |
| ● |
| 相关链接 |
|
|
|
|
正题名:生命的舞蹈
索取号:B84-065/JY385
 
预约/预借
| 序号 | 登录号 | 条形码 | 馆藏地/架位号 | 状态 | 备注 |
| 1 | 7836870 | 278368703 | 学院路分馆/ [索取号:B84-065/JY385] | 在馆 | |
| 2 | 7838757 | 278387577 | 学院路分馆/ [索取号:B84-065/JY385] | 在馆 |